000 00416nam a22001337a 4500
008 230620b xxu||||| |||| 00| 0 eng d
020 _a9291420484
082 _a323.34
_bIPU
100 _cLeandro Despouy
245 _aFunctioning and "Jurispudence" of the IPU committee on the Human Rights of the Parliamentarians
_b1 january 1977-4 february 1993
260 _aGeneva
_bIPU
_c1998
300 _a288p
942 _2ddc
_cBK
999 _c1756
_d1756